Théorie des Tourbillons (Record no. 162363)

MARC details
000 -LEADER
campo de control de longitud fija 00808nam a22001815i 4500
001 - NÚMERO DE CONTROL
campo de control 162363
003 - IDENTIFICADOR DE NÚMERO DE CONTROL
campo de control ES-MaACL
005 - FECHA Y HORA DE LA ÚLTIMA TRANSACCIÓN
campo de control 20230906212515.0
008 - DATOS DE LONGITUD FIJA--INFORMACIÓN GENERAL
campo de control de longitud fija 951113s1893 fr |||| | fre d
040 ## - FUENTE DE CATALOGACIÓN
Centro catalogador/agencia de origen AS
Lengua de catalogación spa
Centro/agencia transcriptor CCPB | SIC
100 1# - ENTRADA PRINCIPAL--NOMBRE DE PERSONA
Nombre de persona Poincaré, Henri.
9 (RLIN) 92751
245 10 - MENCIÓN DEL TÍTULO
Título Théorie des Tourbillons
Resto del título : leçons professées pendant le deuxième semestre 1891-92 /
Mención de responsabilidad, etc. par H. Poincaré ; redigées par M. Lamotte.
260 ## - PUBLICACIÓN, DISTRIBUCIÓN, ETC.
Lugar de publicación, distribución, etc. Paris :
Nombre del editor, distribuidor, etc. Georges Carré,
Fecha de publicación, distribución, etc. 1893 (
Lugar de fabricación/manufactura Tours :
Fabricante Imprimerie Deslis Frères)
300 ## - DESCRIPCIÓN FÍSICA
Extensión 211 p. :
Otras características físicas il. ;
Dimensiones 25 cm.
596 ## - NOTA AL PIE DE IMPRENTA
NOTA AL PIE DE IMPRENTA En banderilla consta : "Paris : Gauthier-Villars,... "
700 1# - ENTRADA AGREGADA--NOMBRE PERSONAL
Nombre de persona Lamotte, Marcel.
9 (RLIN) 128633
852 ## - LOCALIZACIÓN
Ubicación ES-MaACL
Número de control de estantería G-5854
Nota libre -- Enc. hol., conservando la cub. original
-- -- Banderilla en pie de imp.: Paris : Gauthier-Villars, imprimeur-libraire
Holdings
Estatus retirado Estado de pérdida Estado de daño No para préstamo Colección Biblioteca de origen Biblioteca actual Ubicación en estantería Fecha de adquisición Fuente de adquisición Total de préstamos Signatura topográfica completa Código de barras Visto por última vez Precio de reemplazo Tipo de ítem Koha
        Libros del s. XIX Biblioteca del Ateneo de Madrid Biblioteca del Ateneo de Madrid Depósito 2 17/01/2008     G-5854 1170098 23/02/2023 23/02/2023 Libro impreso antiguo